[Event "34th WCh U20 Girls"]
[Site "Bhubaneswar IND"]
[Date "2016.08.19"]
[Round "11.9"]
[White "Alinasab, Mobina"]
[Black "Uuriintuya, Uurtsaikh"]
[Result "0-1"]
[WhiteElo "2199"]
[BlackElo "2199"]
[EventDate "2016.08.08"]
[PlyCount "60"]

1.e4 c5 2.Nf3 Nc6 3.d4 cxd4 4.Nxd4 g6 5.c4 Bg7 6.Be3 Nf6 7.Nc3 O-O 8.Be2 
d6 9.O-O Bd7 10.Qd2 Nxd4 11.Bxd4 Bc6 12.f3 a5 13.b3 Nd7 14.Be3 Nc5 15.Rab1
e6 16.a3 Be5 17.b4 axb4 18.axb4 Qf6 19.bxc5 Bxc3 20.Qc1 Ra2 21.Rf2 dxc5 
22.Bxc5 Rd8 23.Be3 Bd2 24.Bxd2 Rdxd2 25.Qf1 Qd4 26.Re1 Ba4 27.g3 Bc2 28.
Kg2 Bd3 29.Rd1 Bxe2 30.Qxe2 Qxf2+ 0-1

[Event "34th WCh U20 Girls"]
[Site "Bhubaneswar IND"]
[Date "2016.08.19"]
[Round "11.10"]
[White "Salonika, Saina"]
[Black "Mahalakshmi, Muganda Kumar"]
[Result "1/2-1/2"]
[WhiteElo "2131"]
[BlackElo "2101"]
[EventDate "2016.08.08"]
[PlyCount "112"]

1.e4 c6 2.d4 d5 3.Nc3 dxe4 4.Nxe4 Nd7 5.Bc4 Ngf6 6.Ng5 e6 7.Qe2 Nb6 8.Bb3 
h6 9.N5f3 c5 10.Be3 Qc7 11.dxc5 Bxc5 12.Bxc5 Qxc5 13.Qe5 Qxe5+ 14.Nxe5 O-O
15.Ne2 Nbd7 16.Nd3 b6 17.f3 Ba6 18.Nb4 Bb7 19.Nd3 Rac8 20.Nc3 Nc5 21.Nxc5 
Rxc5 22.Rd1 b5 23.a3 a5 24.Rd2 Rb8 25.Kf2 b4 26.Na4 Rc7 27.axb4 axb4 28.
Rhd1 Bd5 29.Bxd5 Nxd5 30.b3 Rbc8 31.Rc1 g5 32.Nb2 Rc3 33.Nc4 Ra8 34.g4 Ra2
35.Kg3 Nf4 36.h4 Ng6 37.hxg5 hxg5 38.Rf2 Kg7 39.Rd2 Nf4 40.Nd6 Rxb3 41.Ne4
Rbb2 42.Nxg5 Nd5 43.Ne4 b3 44.Nc5 bxc2 45.Nd3 Rb3 46.Ne1 Ne3 47.Re2 Rb1 
48.Rexc2 Rxc1 49.Rxc1 Nf1+ 50.Kf4 Ra4+ 51.Kg5 f6+ 52.Kh4 Ra2 53.Nc2 Nd2 
54.Kg3 e5 55.Ne3 Ra3 56.Kf2 Ra2 1/2-1/2

[Event "34th WCh U20 Girls"]
[Site "Bhubaneswar IND"]
[Date "2016.08.19"]
[Round "11.11"]
[White "Priyanka, K."]
[Black "Du Yuxin"]
[Result "0-1"]
[WhiteElo "2048"]
[BlackElo "1957"]
[EventDate "2016.08.08"]
[PlyCount "98"]

1.e4 c6 2.d4 d5 3.exd5 cxd5 4.Bd3 Nc6 5.c3 Nf6 6.Bf4 Bg4 7.Qb3 Qd7 8.Nd2 
e6 9.Ngf3 Bd6 10.Bxd6 Qxd6 11.O-O O-O 12.Rae1 Qc7 13.Ne5 Nxe5 14.Rxe5 Nd7 
15.Re3 Bh5 16.f4 Nf6 17.Rh3 Bg6 18.Bxg6 hxg6 19.Qd1 Ne4 20.Nxe4 dxe4 21.
Qe1 f5 22.Rg3 Kf7 23.Rg5 Rh8 24.Qd2 Rh4 25.Qe3 Rah8 26.h3 a6 27.Rg3 b5 28.
Qf2 Qb6 29.Re3 R4h6 30.Re2 Rd8 31.Rd2 Rhh8 32.b3 Rd7 33.Rfd1 Rc8 34.Qe3 
Qc6 35.Rc2 Qd5 36.Kf2 a5 37.Qc1 Rdc7 38.Ke3 a4 39.Qb2 g5 40.g3 gxf4+ 41.
gxf4 axb3 42.axb3 Qd8 43.c4 bxc4 44.bxc4 Rxc4 45.Rxc4 Rxc4 46.Rc1 Qc7 47.
Rxc4 Qxc4 48.Qa3 Qf1 49.Qd6 Qe1# 0-1

[Event "34th WCh U20 Girls"]
[Site "Bhubaneswar IND"]
[Date "2016.08.19"]
[Round "11.12"]
[White "Srija, Seshadri"]
[Black "Harshita, Guddanti"]
[Result "1/2-1/2"]
[WhiteElo "2102"]
[BlackElo "2180"]
[EventDate "2016.08.08"]
[PlyCount "71"]

1.e4 c5 2.Nf3 d6 3.d4 cxd4 4.Nxd4 Nf6 5.Nc3 g6 6.Be3 Bg7 7.f3 O-O 8.Qd2 
Nc6 9.O-O-O d5 10.exd5 Nxd5 11.Nxc6 bxc6 12.Bd4 Bxd4 13.Qxd4 Qb6 14.Na4 
Qc7 15.Bc4 Rd8 16.Bb3 Be6 17.Nc5 Nf4 18.Nxe6 Nxe6 19.Qe3 Nf4 20.g3 Nd5 21.
Qg5 e6 22.Rd2 a5 23.c4 a4 24.Bc2 Nb4 25.Rhd1 Rdb8 26.Bb1 Qb6 27.h4 a3 28.
b3 Qa5 29.Qf6 Qc5 30.g4 Qe3 31.h5 e5 32.h6 Qc3+ 33.Rc2 Qe3+ 34.Rcd2 Qc3+ 
35.Rc2 Qe3+ 36.Rcd2 1/2-1/2

[Event "34th WCh U20 Girls"]
[Site "Bhubaneswar IND"]
[Date "2016.08.19"]
[Round "11.13"]
[White "Gomez Barrera, Javiera Belen"]
[Black "Kiolbasa, Oliwia"]
[Result "1/2-1/2"]
[WhiteElo "2055"]
[BlackElo "2319"]
[EventDate "2016.08.08"]
[PlyCount "60"]

1.e4 e5 2.Nf3 Nc6 3.Bc4 Nf6 4.Ng5 d5 5.exd5 Nd4 6.c3 b5 7.Bf1 Nxd5 8.cxd4 
Qxg5 9.Bxb5+ Kd8 10.O-O Bb7 11.Qf3 exd4 12.Re1 Be7 13.d3 Qf6 14.Qxf6 Bxf6 
15.a3 a6 16.Ba4 Nb6 17.Bb3 Re8 18.Rxe8+ Kxe8 19.Nd2 Kf8 20.Nc4 Re8 21.Bd2 
Bd5 22.Nxb6 Bxb3 23.Nd7+ Kg8 24.Nxf6+ gxf6 25.Re1 Rxe1+ 26.Bxe1 Bc2 27.Bb4
Bxd3 28.Bc5 Kg7 29.Bxd4 Kg6 30.f3 Kf5 1/2-1/2

[Event "34th WCh U20 Girls"]
[Site "Bhubaneswar IND"]
[Date "2016.08.19"]
[Round "11.17"]
[White "Blagojevic, Tijana"]
[Black "Soyunlu, Narmin"]
[Result "0-1"]
[WhiteElo "2267"]
[BlackElo "2074"]
[EventDate "2016.08.08"]
[PlyCount "214"]

1.e4 e6 2.d4 d5 3.Nd2 Nc6 4.Ngf3 Nf6 5.e5 Nd7 6.Be2 f6 7.exf6 Qxf6 8.Nf1 
Bd6 9.Ne3 O-O 10.O-O Qg6 11.c4 Nf6 12.c5 Bf4 13.Nc2 Ne4 14.Bxf4 Rxf4 15.
Qc1 Rf8 16.Qe3 Nxc5 17.dxc5 Qxc2 18.Bd3 Qxb2 19.Ng5 h6 20.Bh7+ Kh8 21.Bg6 
Qf6 22.Nh7 Qxg6 23.Nxf8 Qf7 24.Nxe6 Bxe6 25.Rfe1 Bf5 26.Qb3 b6 27.Rad1 Rd8
28.Qb5 Qd7 29.Rc1 Ne5 30.Qxd7 Nxd7 31.cxb6 axb6 32.Rxc7 d4 33.f3 Nc5 34.
Rd1 Bc2 35.Rd2 d3 36.Rc6 Rb8 37.Kf2 Na6 38.Rc4 b5 39.Rd4 Nc5 40.Rd6 b4 41.
Ke3 b3 42.axb3 Re8+ 43.Kf2 Rf8 44.Ke3 Re8+ 45.Kf2 Nxb3 46.R2xd3 Bxd3 47.
Rxd3 Nc5 48.Rc3 Re5 49.Ra3 Ne6 50.g3 Kh7 51.Ra6 Nc5 52.Rd6 Kg8 53.Rd8+ Kf7
54.f4 Rh5 55.Kg2 Ne6 56.Rd7+ Kf6 57.Rd6 Ke7 58.Ra6 Rd5 59.Kf3 Rd2 60.h3 
Rd6 61.Ra7+ Kf6 62.Ra5 Nd4+ 63.Kg4 Nc6 64.Ra8 Nd8 65.Ra3 Ne6 66.h4 Nc5 67.
Ra5 Nd3 68.Kf3 Rd4 69.Ra6+ Ke7 70.Ke3 Rd7 71.Kf3 Kf7 72.Ra5 Nb4 73.Rb5 Nd5
74.Rb3 Kg6 75.Ra3 h5 76.Ke4 Nf6+ 77.Kf3 Kf5 78.Ra5+ Rd5 79.Ra3 Ng4 80.Rb3 
Nf6 81.Ra3 Ne4 82.Re3 Nc5 83.Re7 Kf6 84.Rc7 Ne6 85.Rc3 Kf5 86.Ra3 Nd4+ 87.
Kf2 Nb5 88.Ra6 Nd6 89.Ra7 Ne4+ 90.Ke3 g6 91.Rf7+ Nf6 92.Ra7 Ng4+ 93.Ke2 
Nf6 94.Rf7 Ra5 95.Kf3 Ra3+ 96.Kg2 Ra2+ 97.Kf3 Rb2 98.Rf8 Rb6 99.Rf7 Rd6 
100.Rf8 Ke6 101.Ra8 Rd3+ 102.Kg2 Ng4 103.Re8+ Kf7 104.Ra8 Ne3+ 105.Kf3 
Nf5+ 106.Ke4 Re3+ 107.Kd5 Nxg3 0-1

[Event "34th WCh U20 Girls"]
[Site "Bhubaneswar IND"]
[Date "2016.08.19"]
[Round "11.16"]
[White "Priyanka, Nutakki"]
[Black "Thomas, Anysia"]
[Result "1-0"]
[WhiteElo "2234"]
[BlackElo "2049"]
[EventDate "2016.08.08"]
[PlyCount "79"]

1.d4 g6 2.c4 Nf6 3.Nc3 d5 4.cxd5 Nxd5 5.Bd2 Nb6 6.e4 Bg7 7.Be3 O-O 8.Bb5 
c6 9.Be2 Be6 10.Nf3 Bc4 11.O-O N8d7 12.Rc1 Rc8 13.b3 Bxe2 14.Qxe2 Qe8 15.
Rfe1 f5 16.exf5 Rxf5 17.Bd2 e5 18.Ne4 Qf8 19.Ng3 Rxf3 20.gxf3 exd4 21.f4 
Qf7 22.Ne4 Re8 23.Qg4 Rxe4 24.Rxe4 Nf6 25.Qe2 Nxe4 26.Qxe4 Nd5 27.Re1 Qd7 
28.Qe8+ Qxe8 29.Rxe8+ Kf7 30.Ra8 Bh6 31.Rxa7 Bxf4 32.Bxf4 Nxf4 33.Rxb7+ 
Ke6 34.Kf1 h5 35.a4 d3 36.Ke1 Kd5 37.a5 Kd4 38.Kd2 Nh3 39.Rd7+ Kc5 40.a6 
1-0

[Event "34th WCh U20 Girls"]
[Site "Bhubaneswar IND"]
[Date "2016.08.19"]
[Round "11.17"]
[White "Eswaran, Ashritha"]
[Black "Chandreyee, Hajra"]
[Result "0-1"]
[WhiteElo "2226"]
[BlackElo "1931"]
[EventDate "2016.08.08"]
[PlyCount "105"]

1.e4 c6 2.d4 d5 3.Nc3 dxe4 4.Nxe4 Bf5 5.Ng3 Bg6 6.N1e2 e6 7.Nf4 Bd6 8.c3 
Nf6 9.h4 Qc7 10.Qf3 Nbd7 11.h5 Bc2 12.h6 g6 13.Bd3 Bxd3 14.Nxd3 Qa5 15.Bf4
Bxf4 16.Qxf4 O-O-O 17.O-O Rhf8 18.a4 Nh5 19.Qe3 Ndf6 20.b4 Qc7 21.b5 Ng4 
22.Qg5 Nxg3 23.Qxg4 Nxf1 24.Rxf1 cxb5 25.axb5 Kb8 26.Nc5 e5 27.Rb1 f5 28.
Qf3 Rf6 29.dxe5 Rb6 30.Qe3 Rd5 31.Nd3 Qxc3 32.Rd1 Re6 33.Qe2 Rxb5 34.Qa2 
Re8 35.Qf7 Qc8 36.Rc1 Qd8 37.Qxh7 Rb6 38.Qf7 Re7 39.Qa2 g5 40.f4 Rxh6 41.
fxg5 Rh4 42.Rc4 Rxc4 43.Qxc4 Rc7 44.Qb5 Qxg5 45.Nb4 Qc1+ 46.Kf2 Qc5+ 47.
Qxc5 Rxc5 48.Nd3 Rd5 49.Ke3 Rxd3+ 50.Kxd3 Kc7 51.Kc4 Kd7 52.Kd5 a5 53.Kd4 
0-1

[Event "34th WCh U20 Girls"]
[Site "Bhubaneswar IND"]
[Date "2016.08.19"]
[Round "11.18"]
[White "Divya Lakshmi, R."]
[Black "Mendoza, Shania Mae"]
[Result "0-1"]
[WhiteElo "1864"]
[BlackElo "2191"]
[EventDate "2016.08.08"]
[PlyCount "104"]

1.e4 e5 2.Nf3 Nc6 3.Bb5 a6 4.Ba4 Nf6 5.d3 d6 6.c3 g6 7.O-O Bg7 8.Re1 O-O 
9.Nbd2 Re8 10.Nf1 b5 11.Bc2 h6 12.Ng3 Rb8 13.h3 d5 14.Qe2 Be6 15.a4 d4 16.
axb5 axb5 17.Bd2 Nd7 18.Ra6 Nb6 19.cxd4 exd4 20.Nh2 Qd7 21.f4 Rbd8 22.Qf2 
f5 23.exf5 gxf5 24.Nf3 b4 25.Nh5 Bf7 26.Nxg7 Kxg7 27.Ne5 Qd6 28.Ba4 Bd5 
29.Bxc6 Bxc6 30.Qg3+ Kh7 31.Bxb4 Qf6 32.Re2 Rg8 33.Qe1 Rg7 34.Nxc6 Qxc6 
35.Ra5 Rdg8 36.Qf1 Nd5 37.Bd2 Rg3 38.Kh2 Qd6 39.Ra3 R8g7 40.Rf2 Qg6 41.Ra4
c5 42.Rc4 Nf6 43.Rxc5 Ng4+ 44.hxg4 Qxg4 45.Kg1 Rh3 46.Rc7 Rxc7 47.Rf3 Rxf3
48.Qxf3 Qxf3 49.gxf3 Rc2 50.Be1 Rxb2 51.Bf2 Rd2 52.Bxd4 Rxd3 0-1

[Event "34th WCh U20 Girls"]
[Site "Bhubaneswar IND"]
[Date "2016.08.19"]
[Round "11.19"]
[White "Monnisha, Gajendra Babu Kannaiyan"]
[Black "Vantika, Agrawal"]
[Result "1-0"]
[WhiteElo "2101"]
[BlackElo "1974"]
[EventDate "2016.08.08"]
[PlyCount "123"]

1.e4 c5 2.Nf3 Nc6 3.d4 cxd4 4.Nxd4 Nf6 5.Nc3 e5 6.Ndb5 d6 7.Bg5 a6 8.Na3 
b5 9.Nd5 Be7 10.Bxf6 Bxf6 11.c4 b4 12.Nc2 O-O 13.g3 a5 14.Bg2 Bg5 15.O-O 
Ne7 16.Nxe7+ Qxe7 17.Qd3 Qc7 18.h4 Bh6 19.a3 b3 20.Ne3 Bxe3 21.Qxe3 Qxc4 
22.Rfd1 Be6 23.Rac1 Qa6 24.Bf1 Qb7 25.Rxd6 Rfd8 26.Qd3 Qe7 27.Rxd8+ Qxd8 
28.Rc3 Rc8 29.Qxd8+ Rxd8 30.Bd3 g6 31.Kf1 f5 32.Ke2 fxe4 33.Bxe4 Rd4 34.f3
Kf7 35.Rc7+ Kf6 36.Rxh7 Bf5 37.Bxf5 Kxf5 38.Rc7 a4 39.Rc5 Ke6 40.Rc3 Kf5 
41.Ke3 Rd1 42.Rc6 e4 43.Rc5+ Kf6 44.Kxe4 Rd2 45.Rc6+ Kf7 46.Rc4 Rxb2 47.
Rxa4 Rc2 48.Rb4 b2 49.Rb6 Rg2 50.Kf4 Rc2 51.Kg4 Rc4+ 52.f4 Rc2 53.h5 gxh5+
54.Kxh5 Rh2+ 55.Kg5 Rc2 56.g4 Kg8 57.f5 Kf7 58.Rb7+ Kg8 59.Kg6 Kf8 60.f6 
Rc8 61.Rxb2 Ra8 62.Rh2 1-0

[Event "34th WCh U20 Girls"]
[Site "Bhubaneswar IND"]
[Date "2016.08.19"]
[Round "11.20"]
[White "Lasya, Goli"]
[Black "Chitlange, Sakshi"]
[Result "1/2-1/2"]
[WhiteElo "2084"]
[BlackElo "2014"]
[EventDate "2016.08.08"]
[PlyCount "96"]

1.e4 d5 2.exd5 Nf6 3.d4 Nxd5 4.c4 Nb6 5.Be3 Bf5 6.Nc3 e6 7.h3 Be7 8.Nf3 
Nc6 9.Be2 h6 10.O-O O-O 11.Ne5 Nxe5 12.dxe5 Nd7 13.f4 Nc5 14.b3 Ne4 15.
Nxe4 Bxe4 16.Bf3 Qxd1 17.Raxd1 Bxf3 18.Rxf3 Rfd8 19.Rff1 Bh4 20.Bf2 Be7 
21.Be3 a6 22.Kf2 Kf8 23.Ke2 Ke8 24.g4 Rxd1 25.Rxd1 Rd8 26.Rxd8+ Bxd8 27.
Kd3 Kd7 28.Bf2 g6 29.Be3 h5 30.Ke4 hxg4 31.hxg4 Be7 32.f5 gxf5+ 33.gxf5 
exf5+ 34.Kxf5 Bh4 35.Bd2 Be7 36.Bh6 c6 37.Bg7 Bd8 38.Bf6 Bb6 39.Bg5 Bc5 
40.Bh4 b5 41.Be1 Be7 42.Bf2 bxc4 43.bxc4 Bd8 44.Bc5 Bh4 45.Bf8 Bd8 46.Bg7 
Be7 47.Bf6 Bc5 48.Bg7 Be7 1/2-1/2

[Event "34th WCh U20 Girls"]
[Site "Bhubaneswar IND"]
[Date "2016.08.19"]
[Round "11.21"]
[White "Visanescu, Daria-Ioana"]
[Black "Choladze, Mariami"]
[Result "1/2-1/2"]
[WhiteElo "2067"]
[BlackElo "2077"]
[EventDate "2016.08.08"]
[PlyCount "68"]

1.e4 c5 2.c3 Nf6 3.e5 Nd5 4.d4 cxd4 5.Nf3 Nc6 6.cxd4 d6 7.Bc4 Nb6 8.Bb3 
dxe5 9.dxe5 Qxd1+ 10.Bxd1 g6 11.Na3 Bg7 12.Bf4 Bg4 13.O-O O-O 14.h3 Bxf3 
15.Bxf3 Nxe5 16.Bxe5 Bxe5 17.Rab1 Rad8 18.Bxb7 Rd2 19.Nb5 Na4 20.Nxa7 Bxb2
21.Rbd1 Rfd8 22.Rxd2 Rxd2 23.Bc6 Nc3 24.a4 Ne2+ 25.Kh1 Bd4 26.Nb5 Bb6 27.
Na3 Nc3 28.Nc4 Rxf2 29.Rxf2 Bxf2 30.a5 Ba7 31.Nb6 Ne2 32.Nc8 Ng3+ 33.Kh2 
Nf1+ 34.Kh1 Ng3+ 1/2-1/2

[Event "34th WCh U20 Girls"]
[Site "Bhubaneswar IND"]
[Date "2016.08.19"]
[Round "11.22"]
[White "Hoare, Amy"]
[Black "Ayinala, Shree"]
[Result "1-0"]
[WhiteElo "2017"]
[BlackElo "1464"]
[EventDate "2016.08.08"]
[PlyCount "61"]

1.e4 c5 2.c3 Nf6 3.e5 Nd5 4.d4 cxd4 5.Nf3 d6 6.cxd4 e6 7.Bc4 Nb6 8.Bb5+ 
Bd7 9.Nc3 Be7 10.O-O O-O 11.exd6 Bxd6 12.Bd3 Be7 13.Bc2 Nc6 14.Qd3 g6 15.
a3 Bf6 16.Ne4 Bg7 17.Re1 h6 18.h4 Bc8 19.h5 f5 20.Nc5 Nxd4 21.Nxd4 Qxd4 
22.Qb5 Nd5 23.Bb3 a6 24.Qc4 Re8 25.hxg6 Qxc4 26.Bxc4 Nc7 27.Bf4 b6 28.Nd3 
Nb5 29.Rad1 Kh8 30.Ne5 Kg8 31.a4 1-0

[Event "34th WCh U20 Girls"]
[Site "Bhubaneswar IND"]
[Date "2016.08.19"]
[Round "11.23"]
[White "Yanjinlkham, Bayarsaikhan"]
[Black "Santeramo, Alessia"]
[Result "1/2-1/2"]
[WhiteElo "1990"]
[BlackElo "2137"]
[EventDate "2016.08.08"]
[PlyCount "139"]

1.d4 Nf6 2.c4 e6 3.g3 d5 4.Nf3 dxc4 5.Ne5 Nbd7 6.Nxc4 Rb8 7.Bg2 Be7 8.O-O 
O-O 9.Nc3 b6 10.Nb5 a6 11.Na7 Bb7 12.Nc6 Bxc6 13.Bxc6 Nd5 14.a3 b5 15.Ne3 
N7f6 16.b4 h5 17.Bxd5 Nxd5 18.Nxd5 Qxd5 19.Qd3 Rfd8 20.Bb2 h4 21.Rfd1 Rd7 
22.Rac1 Rbd8 23.Re1 Qa8 24.Qf3 Qxf3 25.exf3 Ra8 26.Kg2 a5 27.bxa5 Rxa5 28.
Re3 Bg5 29.f4 Bf6 30.Rb3 hxg3 31.hxg3 Bxd4 32.Bxd4 Rxd4 33.Rxc7 Rda4 34.
Rd3 Ra7 35.Rc5 Rxa3 36.Rd8+ Kh7 37.Rxb5 Ra8 38.Rd6 g6 39.Rc6 Kg7 40.Rbb6 
Ra2 41.Rc1 R8a7 42.Rb3 Rd7 43.Rf3 Rd4 44.Rc7 Rdd2 45.g4 Rdc2 46.Rb7 Rcb2 
47.Rxb2 Rxb2 48.g5 Kf8 49.Ra3 Rb5 50.Ra8+ Ke7 51.Ra7+ Kf8 52.Kf3 e5 53.
fxe5 Rxe5 54.Kg4 Rb5 55.f4 Rc5 56.Rb7 Ra5 57.Rc7 Rb5 58.Rd7 Ra5 59.Kf3 Ke8
60.Rc7 Rb5 61.Ke4 Ra5 62.Kd4 Rf5 63.Ke4 Ra5 64.Rc4 Ke7 65.Rb4 Rc5 66.Rb7+ 
Ke6 67.Rb6+ Ke7 68.Rb7+ Ke6 69.Rb6+ Ke7 70.Rb7+ 1/2-1/2

[Event "34th WCh U20 Girls"]
[Site "Bhubaneswar IND"]
[Date "2016.08.19"]
[Round "11.24"]
[White "Leonardi, Caterina"]
[Black "Sapale, Saloni"]
[Result "1/2-1/2"]
[WhiteElo "2061"]
[BlackElo "2080"]
[EventDate "2016.08.08"]
[PlyCount "99"]

1.d4 d5 2.c4 c6 3.Nf3 Nf6 4.e3 Bf5 5.Nc3 e6 6.Nh4 Bg6 7.Nxg6 hxg6 8.Bd2 
Nbd7 9.Qc2 Bd6 10.h3 Qc7 11.Be2 dxc4 12.Bxc4 Nb6 13.Bd3 O-O 14.O-O Rfd8 
15.Rac1 Rac8 16.Qb3 Qe7 17.Ne2 Kh8 18.Ba5 Bc7 19.f4 Nfd7 20.Be4 Nd5 21.Bd2
Bb6 22.Kh1 f5 23.Bf3 N7f6 24.Rc4 Rd7 25.Rfc1 Bd8 26.a4 Rdc7 27.Qd3 Rd7 28.
b4 Nb6 29.R4c2 Nbd5 30.b5 Rdc7 31.bxc6 Rxc6 32.Rxc6 Rxc6 33.Rxc6 bxc6 34.
Qc4 Qb7 35.Nc1 Be7 36.Nd3 Nd7 37.e4 fxe4 38.Bxe4 Kh7 39.Qc2 Qa6 40.Bxg6+ 
Kg8 41.a5 Bf6 42.Bh7+ Kh8 43.Ne5 Qf1+ 44.Kh2 Nxe5 45.fxe5 Bh4 46.Bd3 Qf2 
47.Qxc6 Qg3+ 48.Kh1 Qxd3 49.Qe8+ Kh7 50.Qh5+ 1/2-1/2

[Event "34th WCh U20 Girls"]
[Site "Bhubaneswar IND"]
[Date "2016.08.19"]
[Round "11.25"]
[White "Minaud, Emily"]
[Black "Hiebler, Laura"]
[Result "0-1"]
[WhiteElo "1721"]
[BlackElo "2110"]
[EventDate "2016.08.08"]
[PlyCount "144"]

1.e4 e6 2.d4 d5 3.e5 c5 4.Nf3 Nc6 5.Bd3 Bd7 6.O-O cxd4 7.Nbd2 Nge7 8.Re1 
Ng6 9.Nb3 Qc7 10.Bxg6 hxg6 11.h3 Be7 12.Nbxd4 Nxd4 13.Nxd4 O-O 14.Qg4 Bc5 
15.c3 b5 16.Nf3 Be7 17.Bg5 Bxg5 18.Nxg5 Qc4 19.Re4 dxe4 20.Qh4 Rfd8 21.
Qh7+ Kf8 22.Qh8+ Ke7 23.Qxg7 Be8 24.Qf6+ Kd7 25.Rd1+ Kc7 26.Qe7+ Rd7 27.
Rxd7+ Bxd7 28.Qd6+ Kc8 29.Qa6+ Kd8 30.Nxf7+ Ke7 31.Nd6 Qd5 32.Qa3 Kd8 33.
Qa5+ Ke7 34.Qa3 b4 35.Qxb4 Kd8 36.c4 Qd1+ 37.Kh2 Qa4 38.Nf7+ Kc7 39.Qd6+ 
Kb7 40.b4 Qc6 41.Qe7 Kc7 42.Nd6 Rb8 43.b5 Qa8 44.a4 a6 45.a5 axb5 46.Nxb5+
Rxb5 47.cxb5 Qd5 48.Qd6+ Qxd6 49.exd6+ Kxd6 50.b6 Bc8 51.g4 Kc5 52.h4 Kd6 
53.h5 gxh5 54.gxh5 Ke7 55.Kg3 e5 56.Kh4 Kf6 57.h6 Kg6 58.h7 Kxh7 59.Kg5 
Kg7 60.a6 Bxa6 61.Kf5 Bb7 62.Kxe5 Kg6 63.Kf4 Kf6 64.Ke3 Ke5 65.Ke2 Kd4 66.
Kd2 Kc5 67.Kc3 Kxb6 68.Kc4 Kc6 69.Kd4 Kd6 70.Kc3 Ke5 71.Kd2 Kf4 72.Ke1 Ke5
0-1

[Event "34th WCh U20 Girls"]
[Site "Bhubaneswar IND"]
[Date "2016.08.19"]
[Round "11.26"]
[White "Kakulidis, Ellen"]
[Black "Barbier, Astrid"]
[Result "1/2-1/2"]
[WhiteElo "1989"]
[BlackElo "1853"]
[EventDate "2016.08.08"]
[PlyCount "116"]

1.d4 f5 2.c4 g6 3.Nf3 Nf6 4.g3 Bg7 5.Bg2 O-O 6.Nc3 d6 7.O-O c6 8.Qc2 Qc7 
9.b3 e5 10.dxe5 dxe5 11.e4 fxe4 12.Ng5 Qe7 13.Ngxe4 Na6 14.Be3 Bf5 15.Rad1
Nxe4 16.Nxe4 Rfd8 17.Qc1 Qc7 18.Bg5 Rxd1 19.Rxd1 Rf8 20.c5 Kh8 21.Qe3 Qa5 
22.Nd6 Bg4 23.Rc1 Qxa2 24.h3 Be6 25.Nxb7 Nb4 26.Nd8 Bd5 27.Bxd5 Nxd5 28.
Qe1 h6 29.Ne6 hxg5 30.Nxf8 Bxf8 31.Qxe5+ Bg7 32.Qxg5 Qxb3 33.Re1 Nf6 34.
Qh4+ Kg8 35.Qd4 Qd5 36.Qb4 Bf8 37.Qb2 Qf7 38.Qc2 a5 39.Ra1 Kg7 40.Rxa5 Qe7
41.Qa2 Qe1+ 42.Kg2 Qe4+ 43.Kh2 Qd4 44.Ra7+ Kh6 45.Ra4 Qxc5 46.Qd2+ Kg7 47.
Rh4 Kg8 48.Qa2+ Qd5 49.Qa8 c5 50.Qa1 Bg7 51.Qb1 g5 52.Qb8+ Kf7 53.Ra4 Qf5 
54.Qc7+ Kg6 55.Kg2 Qd5+ 56.Kh2 Qf5 57.Kg2 Qd5+ 58.Kh2 Qf5 1/2-1/2

[Event "34th WCh U20 Girls"]
[Site "Bhubaneswar IND"]
[Date "2016.08.19"]
[Round "11.27"]
[White "Omurbekova, Diana"]
[Black "Albekova, Dilyara"]
[Result "1-0"]
[WhiteElo "1886"]
[BlackElo "1732"]
[EventDate "2016.08.08"]
[PlyCount "95"]

1.c4 c6 2.Nf3 g6 3.Nc3 d5 4.e3 Nf6 5.d4 a6 6.c5 Bg7 7.Bd3 Bg4 8.h3 Bxf3 9.
Qxf3 Nbd7 10.Qe2 e5 11.f3 Nh5 12.Qf2 exd4 13.exd4 Qe7+ 14.Ne2 f5 15.g4 
fxg4 16.hxg4 Nhf6 17.Bf4 O-O-O 18.b4 Nf8 19.Kd1 Ne6 20.Bh6 Rhf8 21.Qe3 
Rde8 22.a4 Qc7 23.Qd2 Ng8 24.Bxg7 Qxg7 25.Rf1 Qh6 26.f4 Qh3 27.Rg1 Nxf4 
28.Nxf4 Rxf4 29.Kc2 Rxg4 30.Rh1 Qg2 31.Rxh7 Qxd2+ 32.Kxd2 Rxd4 33.Kc3 Rg4 
34.Rf1 Ne7 35.Rff7 Kd7 36.b5 axb5 37.axb5 Ke6 38.Rf2 Rg5 39.Rhf7 d4+ 40.
Kc4 Re5 41.R2f6+ Kd7 42.Bxg6 Ra8 43.Rd6+ Ke8 44.Rh7+ Nxg6 45.Rxg6 cxb5+ 
46.Kxd4 Rf5 47.Rg8+ Rf8 48.Rxf8+ 1-0

[Event "34th WCh U20 Girls"]
[Site "Bhubaneswar IND"]
[Date "2016.08.20"]
[Round "12.1"]
[White "Rodriguez Rueda, Paula Andrea"]
[Black "Saduakasova, Dinara"]
[Result "0-1"]
[WhiteElo "2321"]
[BlackElo "2423"]
[EventDate "2016.08.08"]
[PlyCount "102"]

1.d4 Nf6 2.Nf3 e6 3.g3 b5 4.Bg2 Bb7 5.a3 c5 6.O-O Na6 7.Bf4 Qb6 8.Nc3 Nd5 
9.Nxd5 Bxd5 10.e4 Bxe4 11.dxc5 Qb7 12.b4 Be7 13.Ne1 Bxg2 14.Nxg2 Nc7 15.
Ne3 Bf6 16.Rb1 O-O 17.Bd6 Rfc8 18.Qd3 Ne8 19.Ng4 h5 20.Nxf6+ Nxf6 21.Rfd1 
Nd5 22.Qf3 f6 23.Rb3 a5 24.bxa5 Qc6 25.Qxh5 Rxa5 26.g4 e5 27.Bxe5 fxe5 28.
Qxe5 Nf6 29.g5 Qe4 30.Qd6 Nh5 31.Qxd7 Rxc5 32.Qd8+ Kh7 33.Rb4 Rc4 34.Rxc4 
bxc4 35.Rd4 Qf5 36.Rh4 Qxg5+ 37.Qxg5 Rxg5+ 38.Kf1 Rc5 39.Ke2 Kg6 40.Kd2 
Ra5 41.Rxc4 Rxa3 42.c3 Nf6 43.Ke3 Ra1 44.Kf3 Rh1 45.Kg2 Rc1 46.Kf3 Rh1 47.
Kg2 Rd1 48.Rc8 Rd3 49.c4 Rc3 50.Rc7 Nh5 51.f3 Kg5 0-1

[Event "34th WCh U20 Girls"]
[Site "Bhubaneswar IND"]
[Date "2016.08.20"]
[Round "12.2"]
[White "Frayna, Janelle Mae"]
[Black "Parnali, S. Dharia"]
[Result "0-1"]
[WhiteElo "2292"]
[BlackElo "2203"]
[EventDate "2016.08.08"]
[PlyCount "86"]

1.c4 e6 2.g3 Nf6 3.Bg2 d5 4.Nf3 c5 5.O-O Nc6 6.cxd5 exd5 7.d4 Be7 8.Nc3 
O-O 9.dxc5 Bxc5 10.Bg5 d4 11.Bxf6 Qxf6 12.Ne4 Qe7 13.Nxc5 Qxc5 14.Qd2 Bg4 
15.Rfc1 Qd6 16.h3 Bf5 17.b4 Rad8 18.Rc5 Be4 19.a3 d3 20.exd3 Bxf3 21.Bxf3 
Nd4 22.Qd1 Qf6 23.Bxb7 Nb3 24.Rb1 Nxc5 25.bxc5 Qc3 26.c6 Rxd3 27.Qe1 Rfd8 
28.Qe4 g6 29.Rb4 Rxg3+ 30.fxg3 Qxg3+ 31.Kf1 Rd2 32.Qe2 Qxh3+ 33.Ke1 Rxe2+ 
34.Kxe2 Qc3 35.Re4 Kf8 36.Re3 Qc2+ 37.Kf3 f5 38.Re2 Qd3+ 39.Re3 Qf1+ 40.
Kg3 f4+ 41.Kg4 fxe3 42.c7 Qf5+ 43.Kg3 Qe5+ 0-1

[Event "34th WCh U20 Girls"]
[Site "Bhubaneswar IND"]
[Date "2016.08.20"]
[Round "12.3"]
[White "Uuriintuya, Uurtsaikh"]
[Black "Nandhidhaa, Venkatachalam"]
[Result "1-0"]
[WhiteElo "2199"]
[BlackElo "2151"]
[EventDate "2016.08.08"]
[PlyCount "133"]

1.e4 c5 2.Nf3 e6 3.d4 cxd4 4.Nxd4 a6 5.Nc3 Qc7 6.Be2 Nf6 7.O-O Bc5 8.Nb3 
Be7 9.f4 d6 10.Bf3 O-O 11.Be3 Nbd7 12.Qe2 Rb8 13.g4 b5 14.g5 Ne8 15.Qg2 b4
16.Nd1 Bb7 17.Nd4 Nb6 18.f5 e5 19.Ne2 d5 20.exd5 Bc5 21.Ng3 Nc4 22.Bxc5 
Qxc5+ 23.Kh1 Ned6 24.f6 g6 25.Rc1 Qd4 26.c3 Qd2 27.Rc2 Qxg5 28.cxb4 Qxf6 
29.Be2 Qh4 30.Bxc4 Nxc4 31.Nf5 Qd8 32.Rxc4 Kh8 33.Nfe3 f5 34.Nc3 Qd6 35.
Rc5 Rbe8 36.Nc4 Qd7 37.Na5 Ba8 38.Nc6 e4 39.Ne2 Qg7 40.Nf4 Qd7 41.a4 e3 
42.Ne6 Rf6 43.b5 axb5 44.axb5 Qd6 45.Qg5 Rfxe6 46.dxe6 Rxe6 47.b4 Qd4 48.
Qg2 e2 49.Re1 Qd2 50.Qf2 Re4 51.Rcc1 Qd3 52.Qg3 Re3 53.Qb8+ Kg7 54.Kg1 Re4
55.Qa7+ Kh6 56.Ne5 Qd5 57.Rc3 Rg4+ 58.Nxg4+ fxg4 59.Kf2 Qg2+ 60.Ke3 g3 61.
hxg3 Qxg3+ 62.Kd2 Qd6+ 63.Kc1 Qxb4 64.Qe3+ Kh5 65.Rc5+ Kh4 66.Qe7+ Kh3 67.
Rh5+ 1-0

[Event "34th WCh U20 Girls"]
[Site "Bhubaneswar IND"]
[Date "2016.08.20"]
[Round "12.4"]
[White "Dordzhieva, Dinara"]
[Black "Michelle Catherina"]
[Result "1-0"]
[WhiteElo "2304"]
[BlackElo "2205"]
[EventDate "2016.08.08"]
[PlyCount "81"]

1.Nf3 Nf6 2.g3 b5 3.Bg2 Bb7 4.Na3 a6 5.b3 c5 6.c4 b4 7.Nc2 e5 8.d3 Be7 9.
O-O d6 10.e3 O-O 11.d4 e4 12.Nd2 Re8 13.d5 Bf8 14.g4 h6 15.h4 Bc8 16.g5 
Bg4 17.f3 exf3 18.Bxf3 Bh3 19.gxf6 Bxf1 20.Qxf1 Qxf6 21.Bh5 Qe7 22.Bb2 Nd7
23.Qf2 g6 24.Be2 Bg7 25.Bxg7 Kxg7 26.Rf1 Rf8 27.Ne1 a5 28.Bd1 a4 29.Ng2 
axb3 30.Bxb3 Ne5 31.h5 gxh5 32.Nh4 Rg8 33.Kh1 Kf8 34.Nf5 Qd7 35.Ne4 Rg6 
36.Qf4 Re8 37.Nexd6 Rxd6 38.Ba4 Qxa4 39.Nxd6 Re7 40.Qxh6+ Kg8 41.Nf5 1-0

[Event "34th WCh U20 Girls"]
[Site "Bhubaneswar IND"]
[Date "2016.08.20"]
[Round "12.5"]
[White "Bivol, Alina"]
[Black "Buksa, Natalia"]
[Result "1/2-1/2"]
[WhiteElo "2362"]
[BlackElo "2261"]
[EventDate "2016.08.08"]
[PlyCount "149"]

1.e4 c5 2.Nf3 d6 3.d4 cxd4 4.Nxd4 Nf6 5.Bd3 Nc6 6.Nxc6 bxc6 7.c4 e5 8.Nc3 
Be7 9.O-O O-O 10.Qc2 Be6 11.Rd1 h6 12.h3 Qc7 13.Be3 Rfd8 14.Rac1 Qb7 15.
Bf1 Rac8 16.Qa4 c5 17.Qc2 Nd7 18.Nd5 Bf8 19.Rd3 Nb8 20.Rb3 Qd7 21.Ra3 Be7 
22.Qd2 Kh7 23.f4 Nc6 24.Nxe7 Qxe7 25.f5 Bd7 26.Be2 Be8 27.Rf1 f6 28.g4 Nd4
29.Bd3 Bc6 30.h4 Kg8 31.g5 hxg5 32.hxg5 Kf7 33.Qg2 Rg8 34.Qg4 Qb7 35.Rf2 
Rcf8 36.Rg2 Ke8 37.Bxd4 exd4 38.Rb3 Qc7 39.Bf1 Rh8 40.Rh3 Rxh3 41.Qxh3 Qf7
42.Qg3 Kd7 43.Qa3 Kc8 44.Rg3 Rh8 45.g6 Qe7 46.Bg2 Bxe4 47.Rh3 Rxh3 48.Qxh3
Kc7 49.Bxe4 Qxe4 50.Qh8 Qe1+ 51.Kh2 Qe5+ 52.Kg1 Qe1+ 53.Kh2 Qd2+ 54.Kg3 
Qg5+ 55.Kh2 Qf4+ 56.Kg2 Qe4+ 57.Kh2 Qe7 58.Qa8 Qe2+ 59.Kg3 Qe3+ 60.Kg2 
Qe2+ 61.Kg3 Qe1+ 62.Kg2 Qd2+ 63.Kg3 Qg5+ 64.Kh2 Qf4+ 65.Kg2 Qd2+ 66.Kg3 
Qe3+ 67.Kg2 Qd2+ 68.Kg3 Qxb2 69.Qf8 Qc3+ 70.Kg4 d3 71.Qe7+ Kc6 72.Qe8+ Kc7
73.Qe7+ Kc6 74.Qe8+ Kc7 75.Qe7+ 1/2-1/2